El Procedimiento administrativo / José Roberto Dromi
ISBN:
84-7088-427-1
Descripción Física:
324 p. ; 21 cm
MARC
| LEADER | 00000nam a2200000Ia 4500 | ||
|---|---|---|---|
| 001 | 20513 | ||
| 008 | 160829s1986 xx 000 0 cat d | ||
| 020 | |a 84-7088-427-1 | ||
| 080 | |a M-6-51 | ||
| 100 | |a Dromi, José Roberto |9 42489 | ||
| 245 | |a El Procedimiento administrativo / José Roberto Dromi | ||
| 260 | |a Madrid : |b Instituto de Estudios de Administración Local, |c 1986 | ||
| 300 | |a 324 p. ; |c 21 cm | ||
| 590 | |a Bibliografia | ||
| 650 | 0 | |a Procediment administratiu |z Espanya |9 19587 | |
| 650 | 0 | |a Recursos administratius |x Espanya |9 45305 | |
| 710 | 2 | |a Instituto de Estudios de Administración Local (Espanya) |9 54775 | |
| 901 | |a Arxiu | ||
| 942 | |n 1 | ||
| 952 | |0 0 |1 0 |4 0 |6 M651 |7 1 |9 50864 |a Arxiu |b Arxiu |d 2016-12-01 |l 0 |o M-6-51 |p 20513 |r 2016-12-01 00:00:00 |w 2016-12-01 |y ARXIU | ||
| 999 | |c 54706 |d 54706 | ||